Lana Del Rey Songs in Alphabetical Order - Statistics

General Stats
  • This quiz has been taken 64 times
    57 since last reset
  • The average score is 81 of 126
Answer Stats
Album Song % Correct
Lust For Life 13 beaches
96%
Blue Banisters Blue Banisters
93%
Honeymoon 24
89%
Born to die Blue Jeans
89%
Born to die Born to die
89%
Paradise Edition American
86%
Blue Banisters Arcadia
86%
Born to die Carmen
86%
Lust For Life Cherry
86%
Blue Banisters Dealer
86%
Ultraviolence Ultraviolence
86%
Born to die Dark Paradise
82%
Born to die Lolita
82%
Lust For Life Lust For Life
82%
Born to die Video Games
82%
Honeymoon Art Deco
79%
Ultraviolence Brooklyn Baby
79%
NFR! California
79%
COTCC Chemtrails Over The Country Club
79%
DYKTTATUOB Did You Know That There's A Tunnel Under Ocean Blvd
79%
Born to die Million Dollar Man
79%
Ultraviolence Pretty When You Cry
79%
Paradise Edition Ride
79%
DYKTTATUOB A&W
75%
Blue Banisters Black Bathing Suit
75%
NFR! Cinnamon Girl
75%
Ultraviolence Cruel World
75%
NFR! Doin' Time
75%
Ultraviolence Florida Kilos
75%
NFR! Fuck it, I love you
75%
Lust For Life Heroin
75%
Honeymoon Honeymoon
75%
DYKTTATUOB Kintsugi
75%
Lust For Life Love
75%
NFR! Norman Fucking Rockwell
75%
Born to die Off to the races
75%
NFR! Venice Bitch
75%
Ultraviolence West Coast
75%
Paradise Edition Yayo
75%
NFR! Bartender
71%
Paradise Edition Bel air
71%
Ultraviolence Black Beauty
71%
Paradise Edition Body Electric
71%
NFR! Happiness is a butterfly
71%
Born to die Radio
71%
Born to die Summertime Sadness
71%
Blue Banisters Beautiful
68%
Paradise Edition Burning Desire
68%
Paradise Edition Cola
68%
Born to die Diet Mountain Dew
68%
DYKTTATUOB Fishtail
68%
Ultraviolence Fucked My Way Up To The Top
68%
Paradise Edition Gods and Monsters
68%
NFR! Love Song
68%
DYKTTATUOB Margaret
68%
Ultraviolence Money Power Glory
68%
Ultraviolence Old Money
68%
DYKTTATUOB Peppers
68%
Honeymoon Salvatore
68%
Ultraviolence Shades Of Cool
68%
NFR! The Greatest
68%
Paradise Edition Blue Velvet
64%
DYKTTATUOB Candy Necklace
64%
Honeymoon Freak
64%
DYKTTATUOB Let The Light In
64%
NFR! Mariners Apartment Complex
64%
Ultraviolence Sad Girl
64%
Honeymoon The Blackest Day
64%
Ultraviolence The Other Woman
64%
Born to die This is what makes us girls
64%
Lust For Life Beautiful people, beautiful problems
61%
Blue Banisters Cherry Blossom
61%
Honeymoon Don't Let Me Be Misunderstood
61%
NFR! Hope is a dangerous thing for a woman like me to have but i have it
61%
NFR! How To Disappear
61%
Born to die Lucky Ones
61%
Honeymoon Music To Watch Boys To
61%
Blue Banisters Nectar Of The Gods
61%
DYKTTATUOB Sweet
61%
COTCC Dance Till We Die
57%
DYKTTATUOB Fingertips
57%
Lust For Life Get Free
57%
Honeymoon God Knows I Tried
57%
Lust For Life Groupie Love
57%
Ultraviolence Guns and Roses
57%
Honeymoon High By The Beach
57%
Lust For Life In My Feelings
57%
COTCC Let Me Love You Like a Woman
57%
Born to die National Anthem
57%
DYKTTATUOB Paris, Texas
57%
Honeymoon Religion
57%
Lust For Life Summer Bummer
57%
Blue Banisters Sweet Carolina
57%
Blue Banisters Thunder
57%
COTCC Tulsa Jesus Freak
57%
Lust For Life Change
54%
DYKTTATUOB Jon Batiste Interlude
54%
DYKTTATUOB Judah Smith Interlude
54%
Blue Banisters Living Legend
54%
Honeymoon Swan Song
54%
DYKTTATUOB The Grants
54%
Blue Banisters Violets For Roses
54%
COTCC White Dress
54%
Lust For Life White Mustang
54%
Blue Banisters Wildflower Wildfire
54%
COTCC Dark But Just a Game
50%
COTCC For Free
50%
Lust For Life God Bless America - and all the beautiful women in it
50%
DYKTTATUOB Grandfather please stand on the shoulders of my father while he's deep-sea fishing
50%
Blue Banisters If You Lie Down With Me
50%
Blue Banisters Text Book
50%
NFR! The Next Best American Record
50%
Lust For Life When the world was at war we kept dancing
50%
Born to die Without You
50%
COTCC Breaking Up Slowly
46%
Honeymoon Burnt Norton - Interlude
46%
DYKTTATUOB Taco Truck x VB
46%
COTCC Yosemite
46%
COTCC Not All Who Wander Are Lost
43%
Honeymoon Terrence Loves You
43%
Lust For Life Tomorrow Never Came
43%
Blue Banisters Interlude - the Trio
39%
Lust For Life Coachella - Woodstock in my mind
36%
COTCC Wild At Heart
36%
Ultraviolence Flipside
25%
Ultraviolence Is this happiness
18%
No matching quizzes found
Score Distribution
Percent of People with Each Score
Percentile by Number Answered
Your Score History
You have not taken this quiz since the last reset